| 000 | 00757nam a22002177a 4500 | ||
|---|---|---|---|
| 999 |
_c19267 _d19267 |
||
| 003 | AR-CdUCM | ||
| 008 | 190517b ||||| |||| 00| 0 spa d | ||
| 040 |
_aMUNICIPALIDAD PROVINCIAL DEL CUSCO _cBIBLIOTECA MUNICIPAL DEL CUSCO |
||
| 082 |
_a330.15 / _bG38 |
||
| 100 |
_aGeorge, Enrique _940505 |
||
| 245 | _aProgreso y miseria / | ||
| 260 |
_aBuenos Aires : _bSopena, _c1946. |
||
| 300 |
_a190 páginas ; _c23 cm. |
||
| 505 | _aContenido : Doctrina corriente del salario -- La teoría Maltusiana -- Relación y armonía de estas leyes... | ||
| 650 |
_aDoctrina salarial _940506 |
||
| 650 |
_aCrisis industriales _940507 |
||
| 650 |
_aTeoría Maltusiana _940508 |
||
| 700 |
_aTorrendell Fariña, Eduardo _940509 |
||
| 942 |
_2ddc _cFOLLETOS |
||
| 945 | _arcc | ||